000 01017nam a2200265 a 4500
001 000023201
005 20260520104306.0
008 101130s1979 mx 000 0 spa d
020 _a8430908005
040 _aDO-SdBNP
_bspa
_cBNPHU
041 1 7 _aspa
_beng
_2Código de idiomas MARC
082 _a327
_bH711c
100 1 _aHoffmann, Stanley H.
_947758
240 1 0 _aContemporary theory in internaticonal relation.
_lEspañol
245 1 0 _aTeorías contemporáneas sobrelas relaciones internacionales /
_cStanley H. Hoffmann ; traducción M. D. López Martínez.
260 _aMadrid :
_bTecnos,
_c1979.
300 _a351 p. ;
_c23 cm.
490 1 _aCiencias Sociales. Relaciones internacionales
534 _a[Título en inglés] ;
_tContemporary theory in international relations
500 _aIncluye índice alfabético.
650 0 _aRelaciones internacionales
_9399
700 1 _aLópez Martínez, M. D.,
_etr.
_947759
830 0 _aCiencias Sociales.
_pRelaciones internacionales
_947760
049 _aBNGR
999 _c22698
_d22698